000 00539nam a2200181 i 4500
001 101114
003 ES-MaACL
005 20250716063251.0
007 t|
008 051013s1961 sp |||| |dspa d
100 1 _aMauriac, François,
_d1885-1970
_979251
245 1 0 _aAsí opino yo /
_cFrançois Mauriac; [traducción de R. Ballester Escalas].
260 _aBarcelona :
_bMateu,
_c1961.
300 _a303 p. ;
_c19 cm.
700 1 _aBallester Escalas, R.
_925014
852 _aES-MaACL
_jC-20305
999 _c101114
_d101114